Central Library OPAC University of Rajshahi

Modern Iran / (Record no. 64483)

MARC details
000 -LEADER
fixed length control field 00603nam a2200217 a 4500
001 - CONTROL NUMBER
control field 64483
003 - CONTROL NUMBER IDENTIFIER
rucl marc code BD-RjUL
005 - DATE AND TIME OF LATEST TRANSACTION
control field 20211209081320.0
008 - FIXED-LENGTH DATA ELEMENTS--GENERAL INFORMATION
fixed length control field 170215s1967 e ||||| |||| 001 0 eng d
035 ## - SYSTEM CONTROL NUMBER
System control number (BD-RjUL)64613
040 ## - CATALOGING SOURCE
Original cataloging agency BD-RjUL
Language of cataloging eng
Transcribing agency BD-RjUL
Modifying agency BD-RjUL
041 ## - LANGUAGE CODE
Language code of text/sound track or separate title eng
082 ## - DEWEY DECIMAL CLASSIFICATION NUMBER
Edition number 23
Classification number 955.051
Author mark and year AVM 1967
100 ## - MAIN ENTRY--PERSONAL NAME
Personal name Avery Peter
9 (RLIN) 191297
245 10 - TITLE STATEMENT
Title Modern Iran /
Statement of responsibility, etc. Peter Avery
260 ## - PUBLICATION, DISTRIBUTION, ETC. (IMPRINT)
Place of publication, distribution, etc. New York :
Name of publisher, distributor, etc. F.A. Praeger.
Date of publication, distribution, etc. c1967
300 ## - PHYSICAL DESCRIPTION
Pagination xvi, 527. p, ;
Size 24 cm.
500 ## - GENERAL NOTE
General note Include index
650 ## - SUBJECT ADDED ENTRY--TOPICAL TERM
Topical term or geographic name as entry element Iran -- History -- Qajar dynasty, 1794-1925.
9 (RLIN) 191298
942 ## - ADDED ENTRY ELEMENTS (KOHA)
Source of classification or shelving scheme Dewey Decimal Classification
Koha item type Books
Holdings
Lost status Source of classification or shelving scheme Damaged status Not for loan Collection code Permanent Location Current Location Shelving location Date acquired Source of acquisition Cost, normal purchase price Total Checkouts Full call number Date last seen Copy number Koha item type
  Dewey Decimal Classification   Not For Loan Non-fiction Central Library, University of Rajshahi Central Library, University of Rajshahi Reading Room 12/08/1969 Zeitlinger 63.00   955.051 AVM 1967 15/02/2017 C-1 Books